|
|
|
|
| LEADER |
00000nab a2200000 ar4500 |
| 001 |
vtls010059369 |
| 003 |
SK-MaSNL |
| 005 |
20260303050641.0 |
| 008 |
100201c2009 xo |||||||||||000 b|slo |
| 015 |
|
|
|a SNBRB2010/02
|2 snkbucl
|
| 038 |
|
|
|a SNKBUCL
|
| 040 |
|
|
|a SNKBUCL
|b slo
|c SNKBUCL
|e AACR2
|
| 041 |
0 |
|
|a slo
|
| 044 |
|
|
|a xo
|c SK
|
| 080 |
|
|
|a 778.344.089:004.932
|2 2001
|
| 080 |
|
|
|a 004.932:77.089
|2 2001
|
| 100 |
1 |
|
|a Géci, Ján
|4 aut
|9 277369
|
| 245 |
1 |
0 |
|a Infračervená fotografia digitálne
|b (postupy a ukážky)
|c Ján Géci
|
| 300 |
|
|
|b Fotogr.
|
| 500 |
|
|
|a Nadväzuje na článok s rovnakým názvom v č. 4 (2009)
|
| 650 |
0 |
7 |
|a Infračervená fotografia
|2 snkbucl
|9 1039110
|
| 650 |
0 |
7 |
|a digitálna fotografia
|2 SNKPH
|9 20210
|
| 650 |
0 |
7 |
|a počítačové spracovanie obrazu
|2 SNKPH
|9 68795
|
| 650 |
0 |
7 |
|a fotografický softvér
|2 snkbucl
|9 1034285
|
| 773 |
0 |
|
|t DiGi revue
|g Roč. 5, č. 10 (2009), s. 30-32
|x 1336-5754
|
| 852 |
|
|
|a SNK
|b KIS3GCP
|
| 999 |
|
|
|c 1708310
|d 1710240
|